[Event "18th Charleroi Experts 2019"]
[Site "Charleroi"]
[Date "2019.07.27"]
[Round "1.1"]
[White "Hamblok, Roel"]
[Black "Cools, Gorik"]
[Result "0-1"]
[WhiteElo "2261"]
[BlackElo "2280"]
[Annotator "NA"]
[PlyCount "68"]
[EventDate "2019.07.22"]
[EventType "tourn"]
[EventCountry "BEL"]
[SourceTitle "playchess.com"]
[Source "ChessBase"]
[SourceQuality "1"]
[TimeControl "40/5400+30:1800+30"]

1. d4 {[%emt 0:00:00]} Nf6 {[%emt 0:00:00]} 2. c4 {[%emt 0:00:00]} e6 {[%emt 0:00:03]} 3. g3 {[%emt 0:00:10]} d5 {[%emt 0:01:01]} 4. Nf3 {[%emt 0:00:07]} Be7 {[%emt 0:00:08]} 5. Bg2 {[%emt 0:00:05]} O-O {[%emt 0:00:05]} 6. O-O {[%emt 0:00:04]} dxc4 {[%emt 0:00:05]} 7. Qc2 {[%emt 0:00:04]} a6 {[%emt 0:00:33]} 8. a4 {[%emt 0:00:07]} Bd7 {[%emt 0:00:05]} 9. Qxc4 {[%emt 0:00:08]} Bc6 {[%emt 0:00:13]} 10. Bf4 {[%emt 0:00:11]} Bd6 {[%emt 0:01:32]} 11. Bg5 {[%emt 0:03:33]} Nbd7 {[%emt 0:17:44]} 12. Nc3 {[%emt 0:06:43]} h6 {[%emt 0:00:09]} 13. Bxf6 {[%emt 0:00:07]} Nxf6 {[%emt 0:00:06]} 14. Rfe1 {[%emt 0:00:08]} Bd5 {[%emt 0:00:55]} 15. Qd3 {[%emt 0:02:24]} Bxf3 {[%emt 0:00:05]} 16. Bxf3 {[%emt 0:00:25]} c6 {[%emt 0:00:02]} 17. Red1 {[%emt 0:14:37]} a5 {[%emt 0:00:29]} 18. e4 {[%emt 0:00:17]} e5 {[%emt 0:00:27]} 19. d5 {[%emt 0:01:14]} Bc5 {[%emt 0:01:58]} 20. dxc6 {[%emt 0:07:26]} bxc6 {[%emt 0:00:06]} 21. Qxd8 {[%emt 0:00:37]} Rfxd8 {[%emt 0:00:06]} 22. Ne2 {[%emt 0:02:33]} Ba7 {[%emt 0:15:14]} 23. Rxd8+ {[%emt 0:14:34]} Rxd8 {[%emt 0:00:08]} 24. Rc1 {[%emt 0:00:04]} Rd6 {[%emt 0:01:08]} 25. Rc4 {[%emt 0:03:39]} Nd7 {[%emt 0:00:46]} 26. Nc1 {[%emt 0:14:22]} Rd2 {[%emt 0:05:10]} 27. Be2 {[%emt 0:08:35]} Bd4 {[%emt 0:07:09]} 28. Kf1 {[%emt 0:12:39]} Rxb2 {[%emt 0:11:24]} 29. Rxc6 {[%emt 0:05:46]} Nc5 {[%emt 0:00:02]} 30. Rc8+ {[%emt 0:04:21]} Kh7 {[%emt 0:00:04]} 31. Ke1 {[%emt 0:00:00]} Rb1 {[%emt 0:08:13]} 32. Kd1 {[%emt 0:00:21]} Nxa4 {[%emt 0:00:02]} 33. f3 {[%emt 0:00:34]} Be3 {[%emt 0:00:44]} 34. Ba6 {[%emt 0:00:34]} Nc5 {[%emt 0:03:46]} 0-1

[Event "18th Charleroi Experts 2019"]
[Site "Charleroi"]
[Date "2019.07.27"]
[Round "1.2"]
[White "Dardha, Daniel"]
[Black "Dgebuadze, Alexandre"]
[Result "0-1"]
[WhiteElo "2420"]
[BlackElo "2495"]
[Annotator "ChessBase"]
[PlyCount "70"]
[EventDate "2019.07.22"]
[EventType "tourn"]
[EventCountry "BEL"]
[SourceTitle "playchess.com"]
[Source "ChessBase"]
[SourceQuality "1"]
[TimeControl "40/5400+30:1800+30"]

1. d4 {[%emt 0:00:29]} Nf6 {[%emt 0:00:00]} 2. Nf3 {[%emt 0:00:41]} e6 {[%emt 0:00:00]} 3. c4 {[%emt 0:00:35]} d5 {[%emt 0:00:00]} 4. cxd5 {[%emt 0:00:43]} exd5 {[%emt 0:00:23]} 5. Bg5 {[%emt 0:00:19]} Be7 {[%emt 0:00:58]} 6. e3 {[%emt 0:01:02]} Bf5 {[%emt 0:02:42]} 7. Nc3 {[%emt 0:04:49]} c6 {[%emt 0:04:15]} 8. Bd3 {[%emt 0:01:27]} Bxd3 {[%emt 0:00:18]} 9. Qxd3 {[%emt 0:00:04]} Nbd7 {[%emt 0:00:18]} 10. O-O {[%emt 0:00:36]} O-O {[%emt 0:00:16]} 11. h3 {[%emt 0:04:21]} Re8 {[%emt 0:06:50]} 12. Rab1 {[%emt 0:06:34]} a5 {[%emt 0:04:23]} 13. Bf4 {[%emt 0:04:21]} Nf8 {[%emt 0:00:48]} 14. Ne5 {[%emt 0:04:00]} Ng6 {[%emt 0:20:27]} 15. Bg3 {[%emt 0:06:52]} Nxe5 {[%emt 0:03:45]} 16. dxe5 {[%emt 0:03:41]} Nd7 {[%emt 0:00:26]} 17. Rbd1 {[%emt 0:14:08]} Bb4 {[%emt 0:27:14]} 18. a3 {[%emt 0:19:20]} Nc5 {[%emt 0:14:07]} 19. Qd4 {[%emt 0:06:42]} Bxc3 {[%emt 0:00:14]} 20. bxc3 {[%emt 0:00:04]} Qe7 {[%emt 0:03:50]} 21. Bh4 {[%emt 0:10:57]} Qf8 {[%emt 0:00:06]} 22. a4 {[%emt 0:00:55]} Ne6 {[%emt 0:04:57]} 23. Qg4 {[%emt 0:01:51]} Qc5 {[%emt 0:00:10]} 24. Kh1 {[%emt 0:03:48]} Qc4 {[%emt 0:01:27]} 25. f4 {[%emt 0:00:27]} Qe4 {[%emt 0:00:05]} 26. Qg3 {[%emt 0:00:43]} Nc5 {[%emt 0:01:51]} 27. Rd4 {[%emt 0:01:42]} Qg6 {[%emt 0:00:04]} 28. Qf3 {[%emt 0:00:04]} Qc2 {[%emt 0:02:47]} 29. f5 {[%emt 0:02:00]} Rxe5 {[%emt 0:00:09]} 30. f6 {[%emt 0:01:08]} g6 {[%emt 0:00:16]} 31. Qf4 {[%emt 0:00:34]} Rf5 {[%emt 0:00:14]} 32. Qh6 {[%emt 0:00:16]} Rxf1+ {[%emt 0:00:04]} 33. Kh2 {[%emt 0:00:04]} Ne6 {[%emt 0:00:04]} 34. Be1 {[%emt 0:01:09]} Rxf6 {[%emt 0:01:48]} 35. Rh4 {[%emt 0:00:12]} g5 {[%emt 0:00:39]} 0-1

[Event "18th Charleroi Experts 2019"]
[Site "Charleroi"]
[Date "2019.07.27"]
[Round "1.3"]
[White "Sterck, Arno"]
[Black "Ringoir, Tanguy"]
[Result "1-0"]
[WhiteElo "2316"]
[BlackElo "2503"]
[Annotator "ChessBase"]
[PlyCount "79"]
[EventDate "2019.07.22"]
[EventType "tourn"]
[EventCountry "BEL"]
[SourceTitle "playchess.com"]
[Source "ChessBase"]
[SourceQuality "1"]
[TimeControl "40/5400+30:1800+30"]

1. d4 {[%emt 0:00:00]} Nf6 {[%emt 0:00:00]} 2. c4 {[%emt 0:00:00]} e6 {[%emt 0:00:00]} 3. Nc3 {[%emt 0:00:00]} Bb4 {[%emt 0:00:00]} 4. Qc2 {[%emt 0:00:10]} O-O {[%emt 0:00:07]} 5. a3 {[%emt 0:00:09]} Bxc3+ {[%emt 0:00:14]} 6. Qxc3 {[%emt 0:00:10]} b6 {[%emt 0:00:05]} 7. Bg5 {[%emt 0:00:25]} Bb7 {[%emt 0:00:34]} 8. f3 {[%emt 0:00:45]} h6 {[%emt 0:08:05]} 9. Bh4 {[%emt 0:00:49]} d5 {[%emt 0:08:01]} 10. e3 {[%emt 0:00:16]} Nbd7 {[%emt 0:01:20]} 11. cxd5 {[%emt 0:00:28]} Nxd5 {[%emt 0:00:50]} 12. Bxd8 {[%emt 0:00:10]} Nxc3 {[%emt 0:00:04]} 13. Be7 {[%emt 0:00:13]} Rfe8 {[%emt 0:00:41]} 14. Bh4 {[%emt 0:00:08]} Nd5 {[%emt 0:00:25]} 15. Bf2 {[%emt 0:00:20]} e5 {[%emt 0:07:05]} 16. e4 {[%emt 0:03:27]} exd4 {[%emt 0:02:03]} 17. O-O-O {[%emt 0:00:14]} Nf4 {[%emt 0:04:52]} 18. Bxd4 {[%emt 0:15:52]} Rad8 {[%emt 0:02:04]} 19. Ne2 {[%emt 0:10:32]} Ne6 {[%emt 0:00:43]} 20. Be3 {[%emt 0:00:39]} Ba6 {[%emt 0:07:22]} 21. Nc3 {[%emt 0:10:01]} Bxf1 {[%emt 0:00:19]} 22. Rhxf1 {[%emt 0:00:04]} Ne5 {[%emt 0:14:03]} 23. Rxd8 {[%emt 0:14:57]} Rxd8 {[%emt 0:00:28]} 24. Rd1 {[%emt 0:00:16]} Rxd1+ {[%emt 0:00:25]} 25. Kxd1 {[%emt 0:01:13]} Nc4 {[%emt 0:04:10]} 26. Bc1 {[%emt 0:00:05]} Nd4 {[%emt 0:03:14]} 27. Ne2 {[%emt 0:00:59]} Nxe2 {[%emt 0:03:11]} 28. Kxe2 {[%emt 0:00:53]} c6 {[%emt 0:07:57]} 29. f4 {[%emt 0:06:36]} f6 {[%emt 0:05:16]} 30. Kd3 {[%emt 0:01:27]} Nd6 {[%emt 0:04:12]} 31. f5 {[%emt 0:03:18]} Kf7 {[%emt 0:02:26]} 32. Bf4 {[%emt 0:01:54]} Ke7 {[%emt 0:12:13]} 33. g4 {[%emt 0:01:05]} Nf7 {[%emt 0:03:19]} 34. Kd4 {[%emt 0:01:41]} Kd7 {[%emt 0:00:40]} 35. h4 {[%emt 0:04:30]} a5 {[%emt 0:00:28]} 36. a4 {[%emt 0:01:29]} Nd8 {[%emt 0:00:28]} 37. e5 {[%emt 0:00:07]} b5 {[%emt 0:00:34]} 38. exf6 {[%emt 0:00:47]} gxf6 {[%emt 0:00:12]} 39. Bxh6 {[%emt 0:00:22]} bxa4 {[%emt 0:00:41]} 40. Bf4 {[%emt 0:01:57]} 1-0

[Event "18th Charleroi Experts 2019"]
[Site "Charleroi"]
[Date "2019.07.27"]
[Round "1.4"]
[White "Lenaerts, Lennert"]
[Black "Van der Stricht, Geert"]
[Result "1-0"]
[WhiteElo "2355"]
[BlackElo "2374"]
[Annotator "NA"]
[PlyCount "85"]
[EventDate "2019.07.22"]
[EventType "tourn"]
[EventCountry "BEL"]
[SourceTitle "playchess.com"]
[Source "ChessBase"]
[SourceQuality "1"]
[TimeControl "40/5400+30:1800+30"]

1. Nf3 {[%emt 0:00:00]} d5 {[%emt 0:00:00]} 2. c4 {[%emt 0:00:51]} c6 {[%emt 0:00:36]} 3. g3 {[%emt 0:01:19]} dxc4 {[%emt 0:02:08]} 4. Bg2 {[%emt 0:00:12]} b5 {[%emt 0:00:51]} 5. O-O {[%emt 0:01:16]} Nf6 {[%emt 0:07:04]} 6. a4 {[%emt 0:01:11]} Bb7 {[%emt 0:00:13]} 7. b3 {[%emt 0:01:22]} b4 {[%emt 0:14:31]} 8. bxc4 {[%emt 0:01:43]} c5 {[%emt 0:00:12]} 9. a5 {[%emt 0:07:30]} a6 {[%emt 0:15:55]} 10. Bb2 {[%emt 0:04:35]} Nbd7 {[%emt 0:00:51]} 11. e3 {[%emt 0:02:09]} g6 {[%emt 0:05:41]} 12. d4 {[%emt 0:03:34]} Bg7 {[%emt 0:00:19]} 13. Nbd2 {[%emt 0:01:26]} O-O {[%emt 0:00:23]} 14. Qe2 {[%emt 0:03:00]} Qc7 {[%emt 0:08:22]} 15. Nb3 {[%emt 0:03:23]} Ne4 {[%emt 0:04:33]} 16. Rac1 {[%emt 0:01:58]} Rac8 {[%emt 0:02:25]} 17. Rfd1 {[%emt 0:04:06]} Bc6 {[%emt 0:06:00]} 18. Qc2 {[%emt 0:10:22]} Ndf6 {[%emt 0:09:17]} 19. Ne5 {[%emt 0:01:09]} Ba4 {[%emt 0:00:52]} 20. Ra1 {[%emt 0:04:44]} Bxb3 {[%emt 0:00:05]} 21. Qxb3 {[%emt 0:00:36]} Rfd8 {[%emt 0:01:16]} 22. Nd3 {[%emt 0:03:52]} cxd4 {[%emt 0:01:16]} 23. Bxd4 {[%emt 0:01:17]} Qxc4 {[%emt 0:06:19]} 24. Qxb4 {[%emt 0:01:33]} Bf8 {[%emt 0:05:00]} 25. Qxc4 {[%emt 0:02:22]} Rxc4 {[%emt 0:00:05]} 26. Bf1 {[%emt 0:00:05]} Ra8 {[%emt 0:05:28]} 27. Rdc1 {[%emt 0:10:59]} Rxc1 {[%emt 0:01:06]} 28. Rxc1 {[%emt 0:00:05]} Rb8 {[%emt 0:00:40]} 29. Ne5 {[%emt 0:01:14]} Nd2 {[%emt 0:02:02]} 30. Bxa6 {[%emt 0:01:25]} Ra8 {[%emt 0:00:38]} 31. Rc6 {[%emt 0:02:57]} Nd5 {[%emt 0:00:40]} 32. Bb7 {[%emt 0:14:40]} Rxa5 {[%emt 0:00:05]} 33. Rc8 {[%emt 0:00:44]} Nf6 {[%emt 0:00:28]} 34. Kg2 {[%emt 0:02:23]} Nb3 {[%emt 0:00:24]} 35. Bb2 {[%emt 0:02:33]} Nc5 {[%emt 0:00:35]} 36. Bf3 {[%emt 0:00:47]} Rb5 {[%emt 0:00:30]} 37. Ba3 {[%emt 0:01:04]} Ncd7 {[%emt 0:00:46]} 38. Nxd7 {[%emt 0:01:18]} Nxd7 {[%emt 0:00:04]} 39. Rd8 {[%emt 0:00:57]} Nc5 {[%emt 0:01:11]} 40. Bc6 {[%emt 0:00:53]} Ra5 {[%emt 0:00:35]} 41. Bb4 {[%emt 0:30:05]} Ra7 {[%emt 0:04:16]} 42. Bxc5 {[%emt 0:00:00]} Rc7 {[%emt 0:00:01]} 43. Bb4 {[%emt 0:00:00]} 1-0

[Event "18th Charleroi Experts 2019"]
[Site "Charleroi"]
[Date "2019.07.27"]
[Round "1.5"]
[White "Hovhannisyan, Mher"]
[Black "Real, Thibault"]
[Result "1/2-1/2"]
[WhiteElo "2444"]
[BlackElo "2262"]
[Annotator "NA"]
[PlyCount "75"]
[EventDate "2019.07.22"]
[EventType "tourn"]
[EventCountry "BEL"]
[SourceTitle "playchess.com"]
[Source "ChessBase"]
[SourceQuality "1"]
[TimeControl "40/5400+30:1800+30"]

1. d4 {[%emt 0:00:00]} Nf6 {[%emt 0:00:00]} 2. Nf3 {[%emt 0:00:00]} g6 {[%emt 0:00:00]} 3. g3 {[%emt 0:00:00]} Bg7 {[%emt 0:00:09]} 4. Bg2 {[%emt 0:00:00]} O-O {[%emt 0:00:14]} 5. O-O {[%emt 0:00:00]} d6 {[%emt 0:00:36]} 6. b3 {[%emt 0:00:04]} c5 {[%emt 0:05:00]} 7. Bb2 {[%emt 0:01:46]} cxd4 {[%emt 0:12:00]} 8. Nxd4 {[%emt 0:01:18]} Qc7 {[%emt 0:02:28]} 9. c4 {[%emt 0:01:06]} Nc6 {[%emt 0:04:29]} 10. Nc3 {[%emt 0:01:01]} Bd7 {[%emt 0:03:12]} 11. Rc1 {[%emt 0:02:18]} Qa5 {[%emt 0:02:48]} 12. e3 {[%emt 0:20:14]} Rfc8 {[%emt 0:12:41]} 13. Qe2 {[%emt 0:05:49]} Rab8 {[%emt 0:02:08]} 14. Rfd1 {[%emt 0:02:28]} a6 {[%emt 0:03:57]} 15. a3 {[%emt 0:02:20]} Bg4 {[%emt 0:15:54]} 16. f3 {[%emt 0:03:54]} Bd7 {[%emt 0:00:08]} 17. b4 {[%emt 0:03:11]} Qh5 {[%emt 0:02:53]} 18. Nb3 {[%emt 0:08:56]} Ne5 {[%emt 0:05:33]} 19. c5 {[%emt 0:02:24]} Be6 {[%emt 0:00:16]} 20. Nd2 {[%emt 0:18:08]} dxc5 {[%emt 0:01:17]} 21. bxc5 {[%emt 0:00:18]} Rxc5 {[%emt 0:00:04]} 22. Nce4 {[%emt 0:03:22]} Nxe4 {[%emt 0:04:24]} 23. Nxe4 {[%emt 0:00:08]} Rxc1 {[%emt 0:04:29]} 24. Rxc1 {[%emt 0:01:05]} Bd5 {[%emt 0:02:23]} 25. g4 {[%emt 0:01:05]} Qh4 {[%emt 0:00:06]} 26. Rc5 {[%emt 0:14:40]} Bxe4 {[%emt 0:05:14]} 27. Bxe5 {[%emt 0:01:10]} Bxe5 {[%emt 0:00:06]} 28. Rxe5 {[%emt 0:00:03]} Bc6 {[%emt 0:00:06]} 29. Qd2 {[%emt 0:01:50]} e6 {[%emt 0:03:56]} 30. g5 {[%emt 0:01:32]} Qa4 {[%emt 0:01:32]} 31. Qd6 {[%emt 0:00:17]} Re8 {[%emt 0:01:26]} 32. f4 {[%emt 0:03:30]} Bxg2 {[%emt 0:01:46]} 33. Kxg2 {[%emt 0:00:06]} Qc6+ {[%emt 0:00:03]} 34. Qxc6 {[%emt 0:00:44]} bxc6 {[%emt 0:00:01]} 35. Rc5 {[%emt 0:00:52]} Rc8 {[%emt 0:00:02]} 36. Kf3 {[%emt 0:00:51]} Kf8 {[%emt 0:00:04]} 37. Ra5 {[%emt 0:01:13]} c5 {[%emt 0:01:06]} 38. Rxa6 {[%emt 0:00:31]} 1/2-1/2

[Event "18th Charleroi Experts 2019"]
[Site "Charleroi"]
[Date "2019.07.28"]
[Round "2.1"]
[White "Cools, Gorik"]
[Black "Real, Thibault"]
[Result "0-1"]
[WhiteElo "2280"]
[BlackElo "2262"]
[Annotator "TA"]
[PlyCount "134"]
[EventDate "2019.07.22"]
[EventType "tourn"]
[EventCountry "BEL"]
[SourceTitle "playchess.com"]
[Source "ChessBase"]
[SourceQuality "1"]

{[%evp 22,134,-20,-34,-27,-47,-32,-55,-54,-59,0,0,100,-14,18,0,0,9,18,-74,-43,-40,-31,-40,-37,-34,-33,-26,-19,-72,-29,-32,5,0,0,0,14,6,12,12,18,20,13,10,283,274,262,271,254,275,269,183,181,185,217,194,350,336,322,331,293,276,425,425,382,295,414,414,387,271,341,346,346,343,340,341,353,353,353,353,353,353,353,353,353,301,180,323,1736,1642,1619,1375,3510,1061,2316,1522,2316,2315,622,514,4141,4141,4141,4141,4141,2024,4141,-3594,-2472,-29975,-29976,-29976,-29977,-29984,-29985]} 1. Nf3 d5 2. g3 Nf6 3. Bg2 e6 4. O-O Be7 5. d3 O-O 6. Nbd2 c5 7. e4 Nc6 8. Re1 b5 9. e5 Nd7 10. Nf1 Bb7 11. h4 Qc7 12. Bf4 Rfc8 {C00: French: Unusual White 2nd moves} 13. N1h2 (13. Ne3 Qd8 14. Ng4 Bf8 15. Bg5 Qe8 16. c3 h6 17. Bf4 a5 18. Qd2 b4 19. c4 Ne7 20. h5 {1-0 (59) Kuzubov,Y (2699)-Grischuk,A (2772) Riadh 2017}) 13... Qd8 14. h5 h6 {Black is slightly better.} 15. Qd2 Bf8 (15... Qf8 $15) 16. g4 $11 Ne7 {[#]} (16... Be7 $11) 17. Bg3 $146 (17. g5 $1 $16) ({Predecessor:} 17. g5 Nf5 18. Bh3 Rc6 19. gxh6 gxh6 20. Bxf5 exf5 {1-0 (44) Vorobiov,E (2583)-Olivares,F (2336) Sitges 2016}) 17... Nb6 18. Nh4 Nc6 {[%cal Be7c6,Bc6d4,Bd4c2][%mdl 32]} 19. f4 c4 {Threatens to win with ...cxd3.} (19... Be7 $5 {[%cal Re7h4]} 20. N2f3 c4 $11) 20. Rf1 (20. g5 $1 $11) 20... cxd3 $17 21. cxd3 Nd4 {Strongly threatening ...Rc2.} 22. Rac1 Rxc1 23. Rxc1 Rc8 24. Rxc8 Qxc8 25. Be1 (25. N2f3 $11 Qc2 26. Be1) 25... Nc2 {...Bb4 is the strong threat.} 26. Bf2 $1 Na4 27. g5 Nb4 $1 28. gxh6 gxh6 29. Ng4 {[%cal Bh2g4,Bg4f6,Bf6e8][%mdl 32]} Qc2 30. Nf6+ Kh8 $1 31. Qxc2 Nxc2 32. f5 $36 {[%mdl 2048] Black must now prevent fxe6. White has the initiative.} Bc5 $2 {[%mdl 8192]} (32... Nxb2 $11 33. fxe6 fxe6) 33. fxe6 $1 $18 {White threatens Bxc5 and mate.} fxe6 34. Ng6+ Kg7 {[#]} 35. Ne8+ $1 Kg8 36. Bh3 Bc8 {[#]} 37. Nc7 $1 {aiming for Bxc5.} Bxf2+ 38. Kxf2 {Hoping for Ne7+.} Nxb2 $2 (38... Kf7 39. Nxb5 Bd7) 39. Ne7+ {[%mdl 64] Double Attack} ({And not} 39. Bxe6+ Bxe6 40. Nxe6 Nxd3+ 41. Kf3 Kf7 $11) 39... Kf7 40. Nxc8 Nxd3+ 41. Kg3 Nxe5 (41... Nd4 {was worth a try.} 42. Nd6+ {[%mdl 64] Double Attack} Ke7 43. Ndxb5 (43. Ncxb5 Ne2+ 44. Kf3 Ng1+ 45. Ke3 Nxe5 $18) 43... Nxb5 44. Nxb5 Nxe5) 42. Bxe6+ {[%mdl 64] Double Attack} Kf6 43. Bxd5 a5 (43... b4 $142 44. Nxa7 Kg5 45. Ne6+ Kxh5) 44. Nxb5 Kg5 45. Ncd6 Kxh5 46. Be4 Nb4 47. a3 Nbd3 48. Nb7 a4 49. Nc3 Kg5 50. Nxa4 h5 51. Nac5 h4+ 52. Kh2 Nf2 53. Bg2 Neg4+ 54. Kg1 h3 $2 (54... Kf4 55. Ne6+ Kf5 56. Nd4+ Kf4) 55. Ne4+ Nxe4 56. Bxe4 Kf4 57. Bc6 Kg3 58. Nd6 h2+ 59. Kf1 Ne3+ 60. Ke2 Nc2 (60... Kf4 $142 61. Kf2 Ke5) 61. Nb5 Kf4 62. a4 Nb4 63. Bb7 Ke5 64. a5 $4 {[%mdl 8192]} (64. Kf1 $18 Nc2 65. a5) 64... Nd5 $19 65. Nc7 h1=Q {Black mates.} 66. Nxd5 Qe4+ 67. Kf2 Qc2+ {Accuracy: White = 62%, Black = 31%.} 0-1

[Event "18th Charleroi Experts 2019"]
[Site "Charleroi"]
[Date "2019.07.28"]
[Round "2.2"]
[White "Van der Stricht, Geert"]
[Black "Hovhannisyan, Mher"]
[Result "1/2-1/2"]
[WhiteElo "2374"]
[BlackElo "2444"]
[Annotator "TA"]
[PlyCount "45"]
[EventDate "2019.07.22"]
[EventType "tourn"]
[EventCountry "BEL"]
[SourceTitle "playchess.com"]
[Source "ChessBase"]
[SourceQuality "1"]

{[%evp 31,45,0,80,0,0,0,0,0,0,0,0,0,0,0,0,0]} 1. d4 d5 2. c4 c6 3. Nc3 $146 ({Predecessor:} 3. Nf3 Nf6 {½-½ (20) Shishkin,V (2516)-Vysochin,S (2555) Kiev 2010}) 3... Nf6 4. Nf3 dxc4 5. a4 Bf5 6. Ne5 e6 7. f3 Bb4 8. e4 Bxe4 9. fxe4 Nxe4 10. Bd2 Qxd4 11. Nxe4 Qxe4+ 12. Qe2 Bxd2+ 13. Kxd2 Qd5+ 14. Kc2 Na6 {[%cal Bb8a6,Ba6b4,Bb4a2][%mdl 32]} 15. Nxc4 O-O 16. Qe5 Rac8 {[#]} (16... g6 $11) 17. Rd1 {D17: Slav Defence: 5 a4 Bf5: Lines with 6 Nh4 and 6 Ne5} (17. Be2 $1 $16) 17... Nb4+ $11 {The position is equal.} 18. Kc1 Na2+ 19. Kc2 Nb4+ 20. Kc1 Na2+ 21. Kc2 Nb4+ 22. Kc1 Na2+ 23. Kc2 1/2-1/2

[Event "18th Charleroi Experts 2019"]
[Site "Charleroi"]
[Date "2019.07.28"]
[Round "2.3"]
[White "Ringoir, Tanguy"]
[Black "Lenaerts, Lennert"]
[Result "1/2-1/2"]
[WhiteElo "2503"]
[BlackElo "2355"]
[Annotator "TA"]
[PlyCount "41"]
[EventDate "2019.07.22"]
[EventType "tourn"]
[EventCountry "BEL"]
[SourceTitle "playchess.com"]
[Source "ChessBase"]
[SourceQuality "1"]

{[%evp 20,41,24,12,24,8,0,1,13,0,4,0,26,-5,0,0,0,0,0,0,0,0,12,-9]} 1. d4 d5 2. c4 c6 3. Nf3 Nf6 4. Nc3 dxc4 5. a4 Bf5 6. Ne5 Nbd7 7. Nxc4 Qc7 8. g3 e5 9. dxe5 Nxe5 10. Bf4 Nfd7 11. Bg2 g5 {D17: Slav Defence: 5 a4 Bf5: Lines with 6 Nh4 and 6 Ne5} 12. Bxe5 Nxe5 13. Qd4 f6 14. Ne3 Bg6 15. a5 Qd6 16. Qa4 Qb4 {The position is equal.} 17. Qa2 Bf7 18. Qb1 Bg6 19. Qa2 Bf7 {[#]} 20. Qb1 $146 Bg6 21. Qa2 1/2-1/2

[Event "18th Charleroi Experts 2019"]
[Site "Charleroi"]
[Date "2019.07.28"]
[Round "2.4"]
[White "Dgebuadze, Alexandre"]
[Black "Sterck, Arno"]
[Result "1-0"]
[WhiteElo "2495"]
[BlackElo "2316"]
[Annotator "TA"]
[PlyCount "75"]
[EventDate "2019.07.22"]
[EventType "tourn"]
[EventCountry "BEL"]
[SourceTitle "playchess.com"]
[Source "ChessBase"]
[SourceQuality "1"]

{[%evp 14,111,4,-1,31,33,21,27,12,7,18,28,22,18,17,30,29,30,37,34,37,28,41,37,46,17,17,22,15,25,27,22,32,20,29,0,0,0,0,0,0,0,0,0,0,0,0,9,4,0,87,82,84,81,114,117,170,112,116,117,112,104,189,201,195,177,192,192,225,243,204,223,247,241,252,246,225,218,243,231,338,332,485,450,692,616,612,562,560,474,691,478,915,860,948,783,995,868,678,610]} 1. c4 c6 2. e4 d5 3. exd5 cxd5 4. cxd5 Nf6 5. Nc3 g6 6. Bb5+ Nbd7 7. Nf3 Bg7 8. d6 O-O {B10: Caro-Kann: 2 d3 and 2 c4} (8... exd6 9. Qe2+ Qe7 10. Qxe7+ Kxe7 11. d4 a6 12. Bd3 Nb6 13. O-O h6 14. b3 Nbd5 {½-½ (14) Mamedov,R (2666)-Paichadze,L (2544) Izmir 2016}) 9. dxe7 Qxe7+ 10. Be2 b5 {White has an edge.} 11. a3 Bb7 12. O-O $1 a6 13. d4 Qd6 $146 ({Predecessor:} 13... Rfe8 14. Bf4 Nh5 15. Bg5 Qd6 16. Qd2 {1-0 (40) Heinatz,T (2315)-Kachiani Gersinska,K (2439) Germany 2002}) 14. Ng5 Rac8 15. Bf3 Bxf3 16. Nxf3 Nb6 {[%cal Bd7b6,Bb6c4,Bc4d6,Bd6e4,Be4c3,Bc3e2][%mdl 32]} 17. Re1 Rfe8 18. Bg5 Nc4 19. Bxf6 Qxf6 20. Rxe8+ Rxe8 21. b3 Nd6 22. Nd5 Qd8 23. Ne3 Ne4 24. h3 Nc3 25. Qd3 Bxd4 {[%mdl 64] Decoy} 26. Nxd4 Qxd4 {[%mdl 64] Remove Defender} 27. Qxd4 Ne2+ {[%mdl 64] Double Attack} 28. Kf1 Nxd4 $11 {[%mdl 4096] Endgame KRN-KRN} 29. b4 a5 30. Rd1 Nc6 31. Rc1 Re6 (31... Nd4 $1 $11) 32. bxa5 $16 Nxa5 33. Rc5 Rb6 34. a4 b4 (34... f5 $16 {was called for.}) 35. Nd5 ({White should play} 35. Rxa5 $18 b3 36. Nc4) 35... Ra6 36. Nxb4 Ra8 37. Nd5 Nb7 {[#]} (37... Kf8 $16 38. Ke2 Nb7) 38. Rb5 {Played: Rc5-c8} 1-0

[Event "18th Charleroi Experts 2019"]
[Site "Charleroi"]
[Date "2019.07.28"]
[Round "2.5"]
[White "Hamblok, Roel"]
[Black "Dardha, Daniel"]
[Result "0-1"]
[WhiteElo "2261"]
[BlackElo "2420"]
[Annotator "TA"]
[PlyCount "102"]
[EventDate "2019.07.22"]
[EventType "tourn"]
[EventCountry "BEL"]
[SourceTitle "playchess.com"]
[Source "ChessBase"]
[SourceQuality "1"]

{[%evp 25,70,-9,0,-2,0,-39,0,-7,-5,-39,-43,-57,-59,-55,-58,-45,-55,-70,-29,-56,-52,-64,-72,-129,-121,-210,-58,-74,-14,-46,-11,-34,0,0,0,-354,-354,-1030,-1027,-1455,395,-1539,-1493,-2414,-1213,-1158,-905]} 1. d4 c5 2. d5 g6 3. e4 Bg7 4. Nc3 d6 5. Nf3 Nf6 6. Bc4 O-O 7. O-O Bg4 8. h3 Bxf3 9. Qxf3 Nbd7 10. Qd1 a6 11. a4 Ne8 12. f4 Rb8 13. Qe2 Nc7 14. a5 b5 15. axb6 Rxb6 16. e5 Rb4 17. Bxa6 dxe5 18. f5 Nb6 19. Be3 Rxb2 20. Bxc5 Nxa6 21. Rxa6 Nxd5 22. Nxd5 Qxd5 23. Ba3 Qd4+ 24. Kh1 Rb7 25. Bxe7 Rxe7 26. f6 Rd7 27. fxg7 Kxg7 28. Raf6 Rd6 29. Qf3 Rxf6 30. Qxf6+ Kg8 31. Rf3 Qd1+ 32. Rf1 Qd5 33. Re1 Re8 34. Qf1 Kg7 35. c4 Qe6 36. Qd3 Rc8 37. Qc3 Rc5 38. Re2 f6 39. Rc2 Qc6 40. Rc1 h5 41. Qd3 h4 42. Qc3 g5 43. Qd3 e4 44. Qd4 Re5 45. Rc3 Qc5 46. Qd7+ Re7 47. Qg4 Qf2 48. Rc1 e3 49. Qd1 e2 50. Qe1 Qf4 51. c5 Qxc1 0-1

[Event "18th Charleroi Experts 2019"]
[Site "Charleroi"]
[Date "2019.07.29"]
[Round "3.1"]
[White "Dardha, Daniel"]
[Black "Cools, Gorik"]
[Result "1-0"]
[WhiteElo "2420"]
[BlackElo "2280"]
[Annotator "NA"]
[PlyCount "39"]
[EventDate "2019.07.22"]
[EventType "tourn"]
[EventCountry "BEL"]
[SourceTitle "playchess.com"]
[Source "ChessBase"]
[SourceQuality "1"]
[TimeControl "40/5400+30:1800+30"]

1. Nf3 {[%emt 0:00:00]} Nf6 {[%emt 0:00:13]} 2. c4 {[%emt 0:00:09]} g6 {[%emt 0:00:06]} 3. Nc3 {[%emt 0:00:06]} d5 {[%emt 0:00:04]} 4. cxd5 {[%emt 0:00:07]} Nxd5 {[%emt 0:00:04]} 5. e4 {[%emt 0:00:05]} Nxc3 {[%emt 0:00:11]} 6. dxc3 {[%emt 0:00:05]} Qxd1+ {[%emt 0:00:13]} 7. Kxd1 {[%emt 0:00:06]} Nd7 {[%emt 0:04:07]} 8. Bf4 {[%emt 0:00:55]} c6 {[%emt 0:01:52]} 9. Kc2 {[%emt 0:01:42]} Bg7 {[%emt 0:01:23]} 10. Nd2 {[%emt 0:02:13]} Ne5 {[%emt 0:25:19]} 11. Nc4 {[%emt 0:05:22]} Nxc4 {[%emt 0:03:42]} 12. Bxc4 {[%emt 0:00:06]} O-O {[%emt 0:23:19]} 13. Rhd1 {[%emt 0:14:15]} Re8 {[%emt 0:06:25]} 14. a4 {[%emt 0:02:01]} e5 {[%emt 0:02:23]} 15. Bg5 {[%emt 0:01:53]} h6 {[%emt 0:00:46]} 16. Be3 {[%emt 0:00:04]} a5 {[%emt 0:00:43]} 17. Rd6 {[%emt 0:03:42]} g5 {[%emt 0:02:26]} 18. Bb6 {[%emt 0:04:57]} Bf8 {[%emt 0:01:16]} 19. Rg6+ {[%emt 0:00:32]} Kh7 {[%emt 0:00:09]} 20. Rf6 {[%emt 0:00:34]} 1-0